000 00724nam a22001937a 4500
999 _c14034
_d14034
003 AR-CdUCM
008 190417b ||||| |||| 00| 0 spa d
040 _aMUNICIPALIDAD PROVINCIAL DEL CUSCO
_cBIBLIOTECA MUNICIPAL DEL CUSCO
082 _a951 /
_bH56
245 _aDocumentos de análisis e información política internacional /
260 _aLima :
_bImpulso,
_c1973.
300 _a 46 paginas ;
_c23 cm.
505 _aContenido : La política internacional china -- China hoy -- El complot del movimiento 16 de mayo -- China a la hora de chou en lai.
650 _aPolítica China
_932699
650 _aRepública de China
_932649
650 _aComplot.
_932700
942 _2ddc
_cFOLLETOS
945 _awnts
_d2019-04-17